Matadero Franklin : (Registro nro. 6531)

Detalles MARC
000 -LEADER
fixed length control field 00763nam a22002537a 4500
003 - CONTROL NUMBER IDENTIFIER
control field OSt
005 - DATE AND TIME OF LATEST TRANSACTION
control field 20250502162213.0
008 - FIXED-LENGTH DATA ELEMENTS--GENERAL INFORMATION
fixed length control field 200217s2019 cl ||||jr|||| 00| f spa d
020 ## - INTERNATIONAL STANDARD BOOK NUMBER
International Standard Book Number 9789563604887
040 ## - CATALOGING SOURCE
Original cataloging agency CO-JMCR
Transcribing agency CO-JMCR
041 0# - LANGUAGE CODE
Language code of text/sound track or separate title spa
082 04 - DEWEY DECIMAL CLASSIFICATION NUMBER
Classification number A-N
Item number SOTm
100 1# - MAIN ENTRY--PERSONAL NAME
Personal name Soto, Simón,
Relator term autor
9 (RLIN) 626
245 10 - TITLE STATEMENT
Title Matadero Franklin :
Remainder of title la leyenda del cabro /
Statement of responsibility, etc. Simón Soto
250 ## - EDITION STATEMENT
Edition statement 5a. edición
260 ## - PUBLICATION, DISTRIBUTION, ETC.
Place of publication, distribution, etc. Santiago de Chile :
Name of publisher, distributor, etc. Planeta,
Date of publication, distribution, etc. 2019
300 ## - PHYSICAL DESCRIPTION
Extent 325 páginas ;
Dimensions 23 cm.
500 ## - GENERAL NOTE
General note Incluye datos biográficos del autor.
650 14 - SUBJECT ADDED ENTRY--TOPICAL TERM
Topical term or geographic name entry element Novela chilena
9 (RLIN) 34
650 14 - SUBJECT ADDED ENTRY--TOPICAL TERM
Topical term or geographic name entry element Violencia contra la mujer
General subdivision novela
9 (RLIN) 627
650 14 - SUBJECT ADDED ENTRY--TOPICAL TERM
Topical term or geographic name entry element Narcotráfico
General subdivision novela
Geographic subdivision Chile
9 (RLIN) 628
650 14 - SUBJECT ADDED ENTRY--TOPICAL TERM
Topical term or geographic name entry element Mafia
General subdivision novela
Geographic subdivision Chile
9 (RLIN) 629
942 ## - ADDED ENTRY ELEMENTS (KOHA)
Source of classification or shelving scheme Dewey Decimal Classification
Koha item type Books
Existencias
Withdrawn status Lost status Source of classification or shelving scheme Damaged status Not for loan Collection code Home library Current library Shelving location Date acquired Source of acquisition Cost, normal purchase price Total Checkouts Total Renewals Full call number Barcode Date last seen Date last checked out Copy number Price effective from Koha item type
    Dewey Decimal Classification     Fiction Biblioteca Pública José María del Castillo y Rada Biblioteca Pública José María del Castillo y Rada Processing Center 12/19/2019 Donación 0.00 1 2 A-N SOTm 201809702 08/02/2023 06/26/2023 Ej.1 02/17/2020 Books